Statistics for Countries of the World by Similar Area in 90 Seconds

Click here to take the quiz!

General Stats

  • This quiz has been taken 14,121 times
  • The average score is 182 of 196

Answers on the Map

Answers color-coded by a green-red scale on the quiz's map according to % correct below.
 

Answer Stats

#Country% Correct
Brazil
100%
Canada
100%
China
100%
United States
100%
Afghanistan
99%
Angola
99%
Argentina
99%
Australia
99%
Bolivia
99%
Botswana
99%
Burkina Faso
99%
Burma
99%
Chad
99%
Chile
99%
Colombia
99%
Cote d'Ivoire
99%
Democratic Republic
of the Congo
99%
Denmark
99%
Ecuador
99%
Ethiopia
99%
Finland
99%
France
99%
Gabon
99%
Germany
99%
India
99%
Indonesia
99%
Iran
99%
Iraq
99%
Italy
99%
Kenya
99%
Laos
99%
Libya
99%
Madagascar
99%
Malaysia
99%
Mali
99%
Mexico
99%
Morocco
99%
Mozambique
99%
New Zealand
99%
Niger
99%
Norway
99%
Oman
99%
Pakistan
99%
Peru
99%
Philippines
99%
Poland
99%
Republic of the Congo
99%
Russia
99%
Saudi Arabia
99%
Somalia
99%
South Africa
99%
Sudan
99%
Sweden
99%
Turkey
99%
Ukraine
99%
Uzbekistan
99%
Vietnam
99%
Zambia
99%
Algeria
98%
Azerbaijan
98%
Belarus
98%
Benin
98%
Bulgaria
98%
Cameroon
98%
Central African Republic
98%
Egypt
98%
Ghana
98%
Guinea
98%
Guyana
98%
Honduras
98%
Hungary
98%
Iceland
98%
Japan
98%
Jordan
98%
Kazakhstan
98%
Liberia
98%
Mauritania
98%
Nigeria
98%
Papua New Guinea
98%
Paraguay
98%
Portugal
98%
Romania
98%
Serbia
98%
South Korea
98%
South Sudan
98%
Spain
98%
Tanzania
98%
Thailand
98%
Turkmenistan
98%
Uganda
98%
United Arab Emirates
98%
United Kingdom
98%
Venezuela
98%
Yemen
98%
Zimbabwe
98%
Austria
97%
Czech Republic
97%
Eritrea
97%
Malawi
97%
Mongolia
97%
Nicaragua
97%
North Korea
97%
Panama
97%
Bangladesh
96%
Cuba
96%
Georgia
96%
Greece
96%
Guatemala
96%
Ireland
96%
Lithuania
96%
Nepal
96%
Sierra Leone
96%
Sri Lanka
96%
Uruguay
96%
Cambodia
95%
Dominican Republic
95%
Namibia
95%
Slovakia
95%
Suriname
95%
Syria
95%
Tajikistan
95%
Tunisia
95%
Bosnia and
Herzegovina
94%
Costa Rica
94%
Latvia
94%
Lesotho
94%
Netherlands
94%
Senegal
94%
Albania
93%
Armenia
93%
Belgium
93%
Bhutan
93%
Burundi
93%
Croatia
93%
Equatorial Guinea
93%
Estonia
93%
Haiti
93%
Solomon Islands
93%
Togo
93%
Andorra
91%
Antigua and Barbuda
91%
Barbados
91%
Grenada
91%
Kyrgyzstan
91%
Macedonia
91%
Maldives
91%
Malta
91%
Palau
91%
Rwanda
91%
Saint Kitts and Nevis
91%
Saint Vincent and the
Grenadines
91%
Seychelles
91%
Switzerland
91%
Israel
90%
Moldova
90%
Guinea-Bissau
88%
Liechtenstein
88%
Marshall Islands
88%
Taiwan
88%
Monaco
87%
Nauru
87%
Saint Lucia
87%
San Marino
87%
Tuvalu
87%
Vatican City
87%
Bahrain
86%
Dominica
86%
Federated States of
Micronesia
86%
Kiribati
86%
Singapore
86%
Slovenia
86%
Tonga
86%
Vanuatu
86%
El Salvador
85%
Belize
81%
Kuwait
81%
Bahamas
80%
Fiji
80%
Jamaica
80%
Kosovo
80%
Lebanon
80%
Montenegro
80%
Djibouti
79%
São Tomé and Príncipe
78%
Gambia
77%
Qatar
77%
Swaziland
77%
East Timor
75%
Cyprus
70%
Comoros
67%
Cape Verde
66%
Luxembourg
65%
Mauritius
62%
Samoa
53%
Brunei
36%
Trinidad and Tobago
36%

Score Distribution

Percentile by Number Answered

Percent of People with Each Score

Your Score History

You have not taken this quiz